000 00852nmm a2200277 a 4500
001 ocm000573907
003 TR-IsHL
005 20201028122835.0
008 110704s2001 tu tur
007 cr cn
020 _a9789759425715
035 _a573907
_b(N$T)
050 0 4 _aWB541
_b.Y87 2001
090 0 4 _aWB541
_b.Y87 2001
245 1 0 _aYürüme analizi
_h[electronic resource] /
_cNadire Özaras... [ve öte.]
250 _a1. bs.
260 _aİstanbul :
_bAvrupa Tıp Kitapçılık,
_c2001
300 _a88 p.
650 4 _aTıp
650 4 _aMedicine
650 0 _aYürüme (Tıp)
_x Analizler
650 0 _aWalking distance (Medicine)
_x Analysis
650 7 _aMEDICAL / General
_2bisacsh
700 1 _aÖzaras, Nadire
856 4 0 _uhttp://search.ebscohost.com/login.aspx?direct=true&scope=site&db=e011xww&AN=573907
999 _c2083
_d2083